Statystyki dla Indywidualni mistrzostwie świata na żużlu

Kliknij tutaj aby rozwiązać quiz!

Ogólne statystyki

  • Ten quiz został rozwiązany 13 razy
    (5 od ostatniego zresetowania)
  • Średni wynik to 28 z 29

Statystyki odpowiedzi

RokZwycięzca% Poprawnych
2021Artiom Łaguta
100%
2023Bartosz Zmarzlik
100%
2022Bartosz Zmarzlik
100%
2020Bartosz Zmarzlik
100%
2019Bartosz Zmarzlik
100%
2012Chris Holder
100%
2011Greg Hancock
100%
1997Greg Hancock
100%
2016Greg Hancock
100%
2014Greg Hancock
100%
2009Jason Crump
100%
2006Jason Crump
100%
2004Jason Crump
100%
2017Jason Doyle
100%
2018Tai Woffinden
100%
2013Tai Woffinden
100%
2015Tai Woffinden
100%
2010Tomasz Gollob
100%
2005Tony Rickardsson
100%
2002Tony Rickardsson
100%
2001Tony Rickardsson
100%
1999Tony Rickardsson
100%
1998Tony Rickardsson
100%
1995Hans Nielsen
80%
2000Mark Loram
80%
2003Nicki Pedersen
80%
2007Nicki Pedersen
80%
2008Nicki Pedersen
80%
1996Billy Hamill
60%

Rozkład punktacji

Percentyl według liczby udzielonych odpowiedzi

Procent ludzi z każdym wynikiem

Twoja historia wyników

Nie rozwiązałeś tego quizu od ostatniego zresetowania